LEADER 00858nam a2200241 i 4500 001 000000154713 003 CaOOAMICUS 005 20061024000000.0 008 061024s1943 it u000 u ita u 013 $a132059 040 $aSeMil$bita 100 1 $aThiess, Frank.$0(OLS)http://semarc/name/60531 245 10$aTempeste di primavera /$cFrank Thiess ; versione di Anita Rho. 260 $aTorino :$bFrassinelli,$c1943. 300 $aXI, 382 p. ;$c19 cm. 500 $aFondo Ciprandi. 700 1 $aRho, Anita.$0(OLS)http://semarc/name/8237 850 $aSeMil 852 $aSeMil$W1$xVenegono$y1$m1W I 459$j106569$B106569$CSeMilBibl$Z2$F115781 $81 941 1 $a1 961 $aOmaggio: Ciprandi dott. Paolo 996 $6245$aTempeste di primavera$9(OLS)http://semarc/title/226464 996 $6260$aTorino :$bFrassinelli$9(OLS)http://semarc/publisher/35774 LEADER 01501nam a2200277 i 4500 001 000000052096 003 CaOOAMICUS 005 20100715000000.0 008 100715s1979 xx u000 u ger u 013 $a23268 020 $a3-7917-0593-8 040 $aSeMil$bita 100 1 $aEvers, Gernot Dirk.$0(OLS)http://semarc/name/25728 245 10$aSittlichkeit im Wort-Feld der Begegnung :$bSittlichkeit als struktur-dialogisches Freiheits-Ereignis Dargestellt an der Strukturontologie Heinrich Rombachs und der Pneumatologie Ferdinand Ebners /$cGernot Dirk Evers. 260 $aRegensburg :$bFriedrich Pustet,$c1979. 300 $a406 p. ;$c23 cm. 490 0 $aStudien zur Geschichte der katholischen Moraltheologie ;$v24 500 $aContiene : Literature. 650 4$aTeologia morale.$0(OLS)http://semarc/subject/91 650 4$aVerità - Teologia.$0(OLS)http://semarc/subject/10749 830 0$aStudien zur Geschichte der katholischen Moraltheologie ;$v24.$0(OLS)http://semarc/title/62 850 $aSeMil 852 $aSeMil$W1$xVenegono$y1$m2G II 92$j18251$B18251$CSeMilBibl$Z2$F18252 $81 996 $6020$a3-7917-0593-8$9(OLS)http://semarc/number/26421 996 $6245$aSittlichkeit im Wort-Feld der Begegnung :$bSittlichkeit als struktur-dialogisches Freiheits-Ereignis Dargestellt an der Strukturontologie Heinrich Rombachs und der Pneumatologie Ferdinand Ebners$9(OLS)http://semarc/title/79884 996 $6260$aRegensburg :$bFriedrich Pustet$9(OLS)http://semarc/publisher/29640